Datum a čas kvízu
24
Celkem bodů
Celkový počet nahraných bodů na tomto kvízu bez doplňovacích otázek.
5.
Pořadí na kvízu
Konečné umístění týmu na tomto kvízu.
Zaznamenané odpovědi
| # | Otázka | Odpověď | Body | Výsledky |
|---|---|---|---|---|
| 1. | Jedna z českých chráněných kra... | CHKO Jeseníky | 0 | |
| 2. | Na letišti v jednom evropském... | Paříž | 0 | |
| 3. | Ve Francii byl minulý týden dr... | Vincent van Gogh | 0 | |
| 4. | Facebook připravuje ve spolupr... | Libra | 0 | |
| 5. | V 51. ročníku ankety Zlatá hok... | třetí triumf | 1 | |
| 6. | Téma o Cimrmanovi jste si vybr... | C | 0 | |
| 7. | Která z těchto postav nevystup... | C | 0 | |
| 8. | Jak se jmenuje tento přední če... | Miloň Čepelka | 0 | |
| 9. | Příjmení Cimrman vymyslel Jiří... | B | 0 | |
| 10. | „Jdu na sever. A už jdu ___ __... | na jih | 1 |